Statistics for Capital Cities Closest To Athens

Click here to take the quiz!

General Stats

  • This quiz has been taken 66 times
  • The average score is 8 of 10

Answer Stats

KmAnswer% Correct
744Bucharest
97%
525Sofia
95%
502Tirana
94%
807Belgrade
92%
820Ankara
91%
488Skopje
83%
615Podgorica
82%
563Pristina
82%
791Sarajevo
80%
852Valletta
43%

Score Distribution

Percentile by Number Answered

Percent of People with Each Score

Your Score History

You have not taken this quiz